[Event "CRO-chT3W"]
[Site "Croatia"]
[Date "2016.03.06"]
[Round "3.5"]
[White "Kovacic, Dragutin"]
[Black "Zbasnik, Zeljko"]
[Result "1-0"]
[WhiteElo "1992"]
[BlackElo "1769"]
[PlyCount "95"]
[EventDate "2016.03.05"]
[EventType "team-tourn"]
[EventRounds "9"]
[EventCountry "CRO"]
[SourceTitle "CBM 171 Extra"]
[Source "ChessBase"]
[SourceDate "2016.04.26"]
[SourceVersion "1"]
[SourceVersionDate "2016.04.26"]
[SourceQuality "1"]
[WhiteTeam "Drazice Rjecina"]
[BlackTeam "Crikvenica"]
[WhiteTeamCountry "CRO"]
[BlackTeamCountry "CRO"]

1. d4 d5 2. Nf3 Nf6 3. g3 b6 4. Bg2 Bb7 5. 0-0 h6 6. b3 e6 7. Bb2 Be7 8. Nbd2 Nbd7 9. Rc1 Rc8 10. Ne5 c5 11. c4 cxd4 12. Bxd4 0-0 13. Nxd7 Qxd7 14. Bb2 Nh7 15. Nf3 Bf6 16. Ne5 Qd6 17. f4 Rfd8 18. e3 Nf8 19. Qh5 Qe7 20. Qe2 dxc4 21. Bxb7 Qxb7 22. Rxc4 Rxc4 23. Nxc4 Bxb2 24. Qxb2 Ng6 25. Qg2 Qe7 26. Qf3 b5 27. Na5 Qa3 28. Nc6 Rd2 29. f5 Ne7 30. fxe6 f6 31. Nd4 Qxa2 32. Rf2 Rxf2 33. Qxf2 Qa5 34. Qf3 a6 35. Kg2 Qb6 36. Qa8+ Kh7 37. Qe4+ Kg8 38. g4 a5 39. Qa8+ Kh7 40. Qe8 Qb7+ 41. Kf2 Ng6 42. Qxb5 Qh1 43. Qf5 Qxh2+ 44. Ke1 Qc7 45. Ne2 Qb7 46. Nf4 Qh1+ 47. Ke2 Qh2+ 48. Kd3 1-0

[Event "CRO-chT2 West"]
[Site "Croatia"]
[Date "2013.04.21"]
[Round "6.44"]
[White "Kovacic, Dragutin"]
[Black "Kukina, Mario"]
[Result "0-1"]
[WhiteElo "1992"]
[BlackElo "2047"]
[PlyCount "82"]
[EventDate "2013.03.16"]
[EventType "team-tourn"]
[EventRounds "9"]
[EventCountry "CRO"]
[SourceTitle "EXT 2019"]
[Source "ChessBase"]
[SourceDate "2018.10.10"]
[SourceVersion "1"]
[SourceVersionDate "2018.10.10"]
[SourceQuality "1"]
[WhiteTeam "Drazice Rjecina"]
[BlackTeam "Karlobag"]
[WhiteTeamCountry "CRO"]
[BlackTeamCountry "CRO"]

1. d4 d5 2. Nf3 Nf6 3. b3 c6 4. Bb2 Bg4 5. e3 e6 6. Be2 Bd6 7. Nbd2 0-0 8. h3 Bh5 9. 0-0 Nbd7 10. c4 Re8 11. Ne5 Bxe2 12. Qxe2 Bb4 13. Ndf3 Nxe5 14. Nxe5 Ne4 15. a3 Bd6 16. Rac1 Qe7 17. a4 Rad8 18. Rfd1 h6 19. f3 Ng3 20. Qf2 Bxe5 21. dxe5 Qg5 22. Kh2 Nf5 23. f4 Qe7 24. g4 Nh4 25. f5 g5 26. c5 Qc7 27. Kh1 exf5 28. gxf5 Rxe5 29. Bxe5 Qxe5 30. Rf1 Re8 31. Rce1 Qe4+ 32. Kh2 Re5 33. Qg3 f6 34. Qg4 Qc2+ 35. Re2 Qxc5 36. Qg3 Qe7 37. Qg4 c5 38. Rff2 Qe8 39. Qg3 h5 40. Rf4 Nxf5 41. Qg1 Kf7 0-1

[Event "CRO-chT3 West"]
[Site "Croatia"]
[Date "2011.04.10"]
[Round "6.43"]
[White "Monjac, Mislav"]
[Black "Kovacic, Dragutin"]
[Result "1-0"]
[WhiteElo "1982"]
[BlackElo "2007"]
[PlyCount "91"]
[EventDate "2011.03.12"]
[EventType "team-tourn"]
[EventRounds "9"]
[EventCountry "CRO"]
[SourceTitle "EXT 2014"]
[Source "ChessBase"]
[SourceDate "2013.11.20"]
[SourceVersion "1"]
[SourceVersionDate "2013.11.20"]
[SourceQuality "1"]

1. e4 e6 2. d4 d5 3. e5 c5 4. c3 Nc6 5. Nf3 a6 6. a3 h6 7. b4 cxd4 8. cxd4 Bd7 9. Be2 Nge7 10. Be3 Nf5 11. 0-0 Be7 12. Nc3 Na7 13. Bd3 Nxe3 14. fxe3 Bg5 15. Qe2 Rc8 16. Nd1 0-0 17. Nf2 Bb5 18. Nxg5 Qxg5 19. Nh3 Qe7 20. Bxb5 Nxb5 21. Qg4 Rc3 22. Rf3 f5 23. exf6 Rxf6 24. Rxf6 Qxf6 25. Rf1 Qe7 26. Nf4 Rxe3 27. h4 Re4 28. Qh5 Qf6 29. Ng6 Qd8 30. Rf8+ Qxf8 31. Nxf8 Kxf8 32. Qf3+ Ke7 33. Qg3 Kf6 34. h5 Nxd4 35. Qg6+ Ke5 36. Qxg7+ Kf5 37. Qg6+ Ke5 38. Qxh6 Rf4 39. g3 Rg4 40. Qh8+ Ke4 41. h6 Kf3 42. Qf6+ Nf5 43. h7 Rxg3+ 44. Kh2 Rg2+ 45. Kh1 Kf2 46. Qb2+ 1-0

[Event "CRO-chT3 West"]
[Site "Croatia"]
[Date "2010.04.25"]
[Round "6.24"]
[White "Kovacic, Dragutin"]
[Black "Renka, Sanja"]
[Result "1-0"]
[WhiteElo "1996"]
[BlackElo "1812"]
[PlyCount "77"]
[EventDate "2010.03.27"]
[EventType "team-tourn"]
[EventRounds "9"]
[EventCountry "CRO"]
[SourceTitle "EXT 2012"]
[Source "ChessBase"]
[SourceDate "2011.11.24"]
[SourceVersion "1"]
[SourceVersionDate "2011.11.24"]
[SourceQuality "1"]

1. d4 d5 2. Nf3 Nf6 3. g3 e6 4. Bg2 c5 5. c3 Nc6 6. 0-0 Be7 7. Re1 0-0 8. Bg5 h6 9. Bxf6 Bxf6 10. dxc5 b6 11. cxb6 Qxb6 12. Qb3 Qc7 13. Nbd2 Rb8 14. Qc2 Ba6 15. Rab1 Rfc8 16. Qd1 Na5 17. Nb3 Bc4 18. Nfd2 Rb7 19. Nxa5 Qxa5 20. Nxc4 Rxc4 21. a3 Qb6 22. e4 dxe4 23. Bxe4 Rb8 24. Qe2 Rc5 25. Qc2 Rb5 26. b4 Rc8 27. c4 Re5 28. c5 Qc7 29. Bh7+ Kf8 30. Be4 Kg8 31. Red1 a5 32. Bg2 Rg5 33. c6 axb4 34. axb4 Rb5 35. Bf1 Rb6 36. b5 Qb8 37. Rd7 Rcxc6 38. bxc6 Rxb1 39. c7 1-0